[Event "XLIX Festival A"]
[Site "Imperia ITA"]
[Date "2007.09.06"]
[Round "6"]
[White "Di Paolo, Raffaele"]
[Black "Vrana, Frantisek"]
[WhiteElo "2357"]
[BlackElo "2304"]
[Result "1-0"]
[PlyCount "71"]
[EventDate "2007.09.02"]

1. e4 e5 2. Nf3 Nc6 3. Bb5 Nd4 4. Nxd4 exd4 5. O-O Bc5 6. d3 c6 7. Bc4 d5 8.
exd5 cxd5 9. Bb3 Ne7 10. Bg5 f6 11. Bf4 O-O 12. Qf3 a5 13. a4 Be6 14. Na3 Qd7
15. h3 Ng6 16. Nb5 Bf7 17. Rfe1 b6 18. Bg3 Ne7 19. Re2 Rac8 20. Rae1 Nf5 21.
Bh2 h5 22. Kh1 g5 23. g4 hxg4 24. hxg4 Ng7 25. Qxf6 Rc6 26. Qf3 Kh7 27. Qg3 Rf6
28. Re5 Kg6 29. f4 gxf4 30. Qh4 Be6 31. g5 Rf5 32. Qh6+ Kf7 33. g6+ Kf6 34.
Bxf4 Rh8 35. Qxh8 Rxf4 36. Rxe6+ 1-0

[Event "XLIX Festival A"]
[Site "Imperia ITA"]
[Date "2007.09.06"]
[Round "6"]
[White "Froeschl, Felix"]
[Black "Mercandelli, Claudio"]
[WhiteElo "2191"]
[BlackElo "1993"]
[Result "1-0"]
[PlyCount "99"]
[EventDate "2007.09.02"]

1. d4 Nf6 2. c4 g6 3. Nc3 Bg7 4. e4 d6 5. Be2 O-O 6. g4 c5 7. d5 Ne8 8. h4 e6
9. f4 f5 10. exf5 exf5 11. g5 Qe7 12. Qd3 Nd7 13. Bd2 Nc7 14. h5 Re8 15. O-O-O
b5 16. Re1 Qf7 17. Qh3 Nf8 18. Nf3 bxc4 19. hxg6 hxg6 20. Nh4 Rb8 21. Bxc4
Rxe1+ 22. Bxe1 Bb7 23. Qd3 Nd7 24. Ng2 Nb6 25. Ne3 Re8 26. Bd2 Bd4 27. Bb5 Nxb5
28. Nxb5 Ba6 29. Nc2 Bg7 30. Nca3 Qxd5 31. Qxd5+ Nxd5 32. Nxd6 Re6 33. Ndb5 Re4
34. Nxa7 Nxf4 35. N7b5 Nd5 36. Nd6 Rd4 37. Nc2 Ra4 38. Re1 Bf8 39. Re8 Kg7 40.
Rd8 Bxd6 41. Rxd6 Ne7 42. b3 Rxa2 43. Kb1 Rxc2 44. Kxc2 Bc8 45. Be3 Kf7 46.
Bxc5 Be6 47. b4 f4 48. Ra6 Bf5+ 49. Kc3 Nc8 50. Kd4 1-0

[Event "XLIX Festival A"]
[Site "Imperia ITA"]
[Date "2007.09.06"]
[Round "6"]
[White "Lasanda, Michal"]
[Black "Lenz, Alarich"]
[WhiteElo "2171"]
[BlackElo "2207"]
[Result "0-1"]
[PlyCount "54"]
[EventDate "2007.09.02"]

1. a3 c5 2. Nf3 g6 3. e3 Bg7 4. d4 b6 5. dxc5 bxc5 6. Qd5 Nc6 7. Qxc5 Bb7 8.
Be2 Rc8 9. Qb5 Qc7 10. O-O Nf6 11. Qd3 O-O 12. c4 Ng4 13. Nbd2 Nce5 14. Nxe5
Nxe5 15. Qb3 Ba6 16. Qa4 Qc6 17. Qa5 Qb6 18. Qb4 d5 19. Qxe7 dxc4 20. Re1 Rfd8
21. Qb4 Qc6 22. h3 Rb8 23. Qe7 Rd7 24. Qh4 c3 25. Nf3 Bxe2 26. Nxe5 Bxe5 27.
Rxe2 Rd1+ 0-1

[Event "XLIX Festival A"]
[Site "Imperia ITA"]
[Date "2007.09.08"]
[Round "6"]
[White "Luciani, Carlo"]
[Black "Lacrosse, Marc"]
[WhiteElo "2237"]
[BlackElo "2301"]
[Result "1-0"]
[PlyCount "71"]
[EventDate "2007.09.02"]

1. e4 e5 2. Nf3 Nc6 3. Bc4 Bc5 4. c3 Nf6 5. b4 Bb6 6. Qb3 O-O 7. d3 d6 8. Nbd2
Ne7 9. O-O Ng6 10. d4 Nh5 11. Re1 Qf6 12. Bb2 Nhf4 13. Bf1 Bg4 14. dxe5 Nxe5
15. c4 Bxf3 16. Bxe5 dxe5 17. Nxf3 c6 18. c5 Bc7 19. g3 Ne6 20. Bc4 Nd4 21.
Nxd4 exd4 22. f4 Rad8 23. e5 Qe7 24. e6 f5 25. Qb2 g5 26. Rad1 gxf4 27. Rxd4
Rxd4 28. Qxd4 fxg3 29. Rd1 gxh2+ 30. Kh1 Rd8 31. Qxd8+ Bxd8 32. Rxd8+ Kg7 33.
Rd7 Kf6 34. Rxe7 Kxe7 35. Kxh2 f4 36. Kg2 1-0

[Event "XLIX Festival A"]
[Site "Imperia ITA"]
[Date "2007.09.06"]
[Round "6"]
[White "Moncelli, Giorgio"]
[Black "Morselli, Stefano"]
[WhiteElo "2147"]
[BlackElo "1860"]
[Result "0-1"]
[PlyCount "110"]
[EventDate "2007.09.02"]

1. e4 g6 2. d4 Bg7 3. Nf3 d6 4. c3 Nf6 5. Bd3 Bg4 6. Nbd2 Nbd7 7. O-O e5 8. Re1
O-O 9. h3 Bxf3 10. Nxf3 Nh5 11. Bf1 h6 12. Be3 Qe7 13. Qc2 f5 14. exf5 gxf5 15.
dxe5 dxe5 16. Rad1 e4 17. Bd4 Kh8 18. Bxg7+ Qxg7 19. Nd4 Nf4 20. Re3 Ne5 21.
Rg3 Qf6 22. Qd2 Nh5 23. Re3 Rad8 24. Qe1 Rg8 25. Kh1 Qg6 26. Nc2 Nf3 27. Qe2
Nf4 28. Rxd8 Rxd8 29. Qb5 Nxh3 30. Rxf3 exf3 31. Qe5+ Qg7 32. Qxg7+ Kxg7 33.
gxh3 Rd2 34. Nd4 Rxf2 35. Bc4 Kf6 36. b4 Kg5 37. Kg1 Rg2+ 38. Kf1 Rg3 39. h4+
Kf4 40. Be6 Rh3 41. Nxf5 Rh1+ 42. Kf2 Rh2+ 43. Kf1 Re2 44. Nd4 Re3 45. Bc8 Rxc3
46. Bxb7 Rd3 47. Nc2 Rd2 48. Ne1 f2 49. Ng2+ Kg3 50. Ne3 Rxa2 51. Nf5+ Kg4 52.
Nxh6+ Kxh4 53. b5 Kg5 54. Nf7+ Kf4 55. Bc6 Ke3 0-1

[Event "XLIX Festival A"]
[Site "Imperia ITA"]
[Date "2007.09.06"]
[Round "6"]
[White "Mozny, Milos"]
[Black "Likavsky, Tomas"]
[WhiteElo "2373"]
[BlackElo "2494"]
[Result "1/2-1/2"]
[PlyCount "97"]
[EventDate "2007.09.02"]

1. d4 Nf6 2. c4 e6 3. Nf3 c5 4. g3 cxd4 5. Nxd4 Qa5+ 6. Nc3 Ne4 7. Qd3 Bb4 8.
Nc2 Bxc3+ 9. bxc3 Nc5 10. Qd2 O-O 11. Bg2 d6 12. O-O Rd8 13. Ba3 Nc6 14. Rfd1
Rd7 15. Qe3 Qa4 16. Rd2 Na5 17. Bxc5 Nxc4 18. Qf4 dxc5 19. Rxd7 Bxd7 20. Bxb7
Rf8 21. Ne3 Nb6 22. Qc7 Qa3 23. Rd1 Qxc3 24. Bf3 Qa3 25. Rxd7 Nxd7 26. Qxd7
Qxa2 27. Qc7 Qb1+ 28. Kg2 Qb6 29. Qe7 Rc8 30. Bh5 g6 31. Bf3 a5 32. Nc4 Qc7 33.
Qf6 a4 34. h4 h5 35. Ne5 a3 36. Nxg6 fxg6 37. Qxg6+ Kh8 38. Qxe6 Kg7 39. Be4 c4
40. Qg6+ Kf8 41. Bd5 Qd7 42. Be6 Qc6+ 43. e4 Rc7 44. Qg8+ Ke7 45. Bd5 Qc5 46.
Qe6+ Kd8 47. Qg8+ Ke7 48. Qg7+ Kd8 49. Qg8+ 1/2-1/2

[Event "XLIX Festival A"]
[Site "Imperia ITA"]
[Date "2007.09.06"]
[Round "6"]
[White "Pesce, Gabriele"]
[Black "Del Dotto, Riccardo"]
[WhiteElo "2000"]
[BlackElo "2168"]
[Result "0-1"]
[PlyCount "132"]
[EventDate "2007.09.02"]

1. e4 e5 2. Nf3 Nf6 3. Nxe5 d6 4. Nf3 Nxe4 5. Nc3 Nxc3 6. dxc3 Be7 7. Bf4 O-O
8. Qd2 Nd7 9. O-O-O Nc5 10. Be3 Re8 11. Kb1 Ne4 12. Qd5 Bf6 13. Bd3 c6 14. Qh5
d5 15. h4 g6 16. Qh6 Bg7 17. Qf4 Qf6 18. Qxf6 Nxf6 19. Rde1 Bd7 20. Bd4 Ne4 21.
Bxe4 dxe4 22. Nd2 f5 23. h5 b6 24. hxg6 hxg6 25. Bxg7 Kxg7 26. c4 Be6 27. f3
exf3 28. gxf3 Bf7 29. f4 Rad8 30. Nf3 Rxe1+ 31. Rxe1 Bxc4 32. Ne5 Bd5 33. Rg1
Rd6 34. Kc1 Bf7 35. Nxf7 Kxf7 36. Rh1 Rd7 37. c3 Kf6 38. Rh8 c5 39. Rc8 Re7 40.
Rc6+ Kg7 41. a4 Kh6 42. a5 Re4 43. axb6 axb6 44. Rxb6 Rxf4 45. b4 cxb4 46. cxb4
Rd4 47. b5 f4 48. Rb8 f3 49. Rf8 Rb4 50. Rxf3 Rxb5 51. Kd2 Re5 52. Kd3 Kg5 53.
Kd4 Re8 54. Rf7 Kg4 55. Rg7 g5 56. Kd5 Kf4 57. Rf7+ Kg3 58. Rg7 g4 59. Kd4 Kf3
60. Rf7+ Kg2 61. Rg7 g3 62. Rg6 Kf2 63. Rf6+ Kg1 64. Rg6 g2 65. Rg7 Rh8 66. Ke4
Kh2 0-1

[Event "XLIX Festival A"]
[Site "Imperia ITA"]
[Date "2007.09.06"]
[Round "6"]
[White "Poloch, Petr"]
[Black "Payen, Arnaud"]
[WhiteElo "2308"]
[BlackElo "2392"]
[Result "0-1"]
[PlyCount "44"]
[EventDate "2007.09.02"]

1. e4 e5 2. Nf3 Nc6 3. Bb5 a6 4. Bxc6 dxc6 5. O-O Ne7 6. Nxe5 Qd4 7. Qh5 g6 8.
Nf3 Qxe4 9. Qa5 b6 10. Qc3 Rg8 11. Re1 Qd5 12. d4 Be6 13. Ng5 Bg7 14. Qg3 O-O-O
15. Nxe6 fxe6 16. Bg5 Nf5 17. Qd3 Bxd4 18. Qxa6+ Kb8 19. Nc3 Bxf2+ 20. Kxf2
Qd4+ 21. Kf3 Rgf8 22. Bxd8 Nh6+ 0-1

[Event "XLIX Festival A"]
[Site "Imperia ITA"]
[Date "2007.09.06"]
[Round "6"]
[White "Raineri, Valerio"]
[Black "Scotti, Umberto"]
[WhiteElo "2108"]
[BlackElo "2199"]
[Result "1/2-1/2"]
[PlyCount "45"]
[EventDate "2007.09.02"]

1. e4 e6 2. Qe2 c5 3. f4 Nc6 4. Nf3 g6 5. g3 Bg7 6. c3 Nge7 7. d3 O-O 8. Bh3 d6
9. O-O b5 10. Be3 b4 11. c4 a5 12. Bf2 a4 13. e5 Bb7 14. Nbd2 Nf5 15. Ne4 Ncd4
16. Bxd4 Bxe4 17. dxe4 Nxd4 18. Nxd4 cxd4 19. exd6 Qxd6 20. Qd3 e5 21. f5 Bh6
22. Rf3 Ra7 23. Bf1 1/2-1/2

[Event "XLIX Festival A"]
[Site "Imperia ITA"]
[Date "2007.09.06"]
[Round "6"]
[White "Schrott, Ernst"]
[Black "Faraci, Antonino"]
[WhiteElo "2103"]
[BlackElo "2051"]
[Result "1/2-1/2"]
[PlyCount "108"]
[EventDate "2007.09.02"]

1. e4 c5 2. Nf3 a6 3. c4 d6 4. d4 cxd4 5. Nxd4 e5 6. Nc2 Nf6 7. Nc3 Be6 8. Be2
Be7 9. O-O O-O 10. Kh1 Nbd7 11. f3 Rc8 12. Nd5 Bxd5 13. cxd5 Ne8 14. Be3 Bg5
15. Bg1 g6 16. Ne3 Ng7 17. Rc1 f5 18. Rxc8 Qxc8 19. Nc4 Ne8 20. Qb3 fxe4 21.
fxe4 Rxf1 22. Bxf1 b5 23. Na3 Qc1 24. Be2 Nc5 25. Qc2 Qxc2 26. Nxc2 Nxe4 27.
Nb4 a5 28. Nc6 Bd2 29. Bxb5 Bc1 30. b3 Nc3 31. a4 Nc7 32. Bc4 Kf8 33. Nxa5
N7xd5 34. Nb7 Ke7 35. a5 Kd7 36. a6 Nc7 37. a7 d5 38. Nc5+ Kc6 39. Ba6 d4 40.
Ne6 Na8 41. Bc4 Kb7 42. g3 Nb6 43. Nc5+ Kxa7 44. Nd3 Nxc4 45. bxc4 Ne2 46. Bf2
e4 47. Nxc1 Nxc1 48. Bxd4+ Kb7 49. Kg2 Nb3 50. Bg7 Kc6 51. Kf2 Nd2 52. Ke3
Nxc4+ 53. Kxe4 Kd7 54. Kf4 Ke6 1/2-1/2

[Event "XLIX Festival A"]
[Site "Imperia ITA"]
[Date "2007.09.06"]
[Round "6"]
[White "Spinelli, Doriano"]
[Black "Mela, Riccardo"]
[WhiteElo "2155"]
[BlackElo "2044"]
[Result "1-0"]
[PlyCount "91"]
[EventDate "2007.09.02"]

1. e4 c5 2. d4 cxd4 3. c3 dxc3 4. Nxc3 Nc6 5. Bc4 e6 6. Nf3 d6 7. O-O Nf6 8.
Qe2 Be7 9. Rd1 Qc7 10. Bf4 e5 11. Bg5 Be6 12. Bxf6 gxf6 13. Nd5 Bxd5 14. Bxd5
h5 15. Rac1 Qd7 16. Qb5 Nd8 17. Qb3 Rg8 18. Rd3 Kf8 19. Rdc3 h4 20. Rc7 Qg4 21.
Ne1 Ne6 22. Bxe6 fxe6 23. h3 Qg7 24. Qxe6 Qf7 25. Qxf7+ Kxf7 26. Rxb7 Rab8 27.
Rcc7 Rxb7 28. Rxb7 a5 29. Nc2 Rc8 30. Ne3 Ke6 31. Kh2 Bd8 32. g3 hxg3+ 33. Kxg3
Rc1 34. Kg2 Rc6 35. h4 Bb6 36. Nd5 Bd8 37. h5 f5 38. h6 Bg5 39. h7 Rc8 40. Rg7
Rh8 41. Rxg5 fxe4 42. Ne3 Rxh7 43. Rg6+ Kd7 44. Nc4 d5 45. Rd6+ Kc7 46. Rxd5
1-0

[Event "XLIX Festival A"]
[Site "Imperia ITA"]
[Date "2007.09.06"]
[Round "6"]
[White "Stoppa, Omar"]
[Black "Jurek, Josef"]
[WhiteElo "2226"]
[BlackElo "2350"]
[Result "0-1"]
[PlyCount "84"]
[EventDate "2007.09.02"]

1. e4 e6 2. d4 d5 3. exd5 exd5 4. Bd3 Nc6 5. c3 Bd6 6. Ne2 Nge7 7. Bg5 Bg4 8.
a4 Qd7 9. Nd2 Nd8 10. Bh4 Ne6 11. Bg3 O-O 12. Qc2 Bxe2 13. Bxe2 c5 14. dxc5
Nxc5 15. O-O Bxg3 16. hxg3 Nc6 17. Rfd1 Rad8 18. Nb3 Ne4 19. Bf3 f5 20. c4 Nb4
21. Qe2 Qf7 22. cxd5 Rxd5 23. Nd4 Re8 24. Qc4 Nc6 25. b3 Ne5 26. Qe2 g6 27. Nb5
Nxf3+ 28. Qxf3 Red8 29. Rxd5 Qxd5 30. Rc1 Qd2 31. Qf4 a6 32. Nc3 Nxf2 33. Qxd2
Rxd2 34. Nb1 Rd1+ 35. Rxd1 Nxd1 36. Nd2 Kf7 37. Nc4 Ke6 38. Na5 b6 39. Nc6 Kd6
40. Nb4 a5 41. Nc2 Kc5 42. Kf1 Nc3 0-1

[Event "XLIX Festival A"]
[Site "Imperia ITA"]
[Date "2007.09.07"]
[Round "7"]
[White "Blasco, Domenico"]
[Black "Mela, Riccardo"]
[WhiteElo "1981"]
[BlackElo "2044"]
[Result "1/2-1/2"]
[PlyCount "120"]
[EventDate "2007.09.02"]

1. d4 d5 2. Nf3 Nf6 3. e3 e6 4. Bd3 c5 5. c3 Nc6 6. Nbd2 Be7 7. O-O O-O 8. dxc5
Bxc5 9. e4 Qc7 10. Qe2 dxe4 11. Nxe4 Nxe4 12. Qxe4 f5 13. Qc4 Bd6 14. Re1 Kh8
15. Qh4 Be7 16. Bg5 Bf6 17. Bxf6 Rxf6 18. Qc4 Qb6 19. Qb5 Bd7 20. Qxb6 axb6 21.
Rad1 Rf7 22. a3 Re8 23. Bc4 Rfe7 24. Ne5 Nxe5 25. Rxe5 g6 26. f4 Kg7 27. Rd6
Kf6 28. Bb5 Bxb5 29. Rxb5 Rc8 30. Rbxb6 Rc4 31. Rb4 Rxb4 32. axb4 g5 33. g3
gxf4 34. gxf4 Rg7+ 35. Kf2 Rg4 36. Kf3 Rh4 37. Rd2 Rh3+ 38. Kg2 Rh4 39. Rd4
Rg4+ 40. Kf3 Rh4 41. Rd2 Rh3+ 42. Kg2 Rh4 43. Rf2 e5 44. fxe5+ Kxe5 45. Rd2
Rg4+ 46. Kf3 Rf4+ 47. Ke3 Rh4 48. Rg2 Rh3+ 49. Kf2 Ke4 50. b5 f4 51. b6 Rh6 52.
Rg7 Rxh2+ 53. Kg1 Rxb2 54. Rxb7 Kf3 55. c4 Rb1+ 56. Kh2 Rb2+ 57. Kh3 h6 58. c5
Rb1 59. Kh2 Rb2+ 60. Kh3 Rb1 1/2-1/2

[Event "XLIX Festival A"]
[Site "Imperia ITA"]
[Date "2007.09.07"]
[Round "7"]
[White "De Santis, Alessio"]
[Black "Mozny, Milos"]
[WhiteElo "2345"]
[BlackElo "2373"]
[Result "1/2-1/2"]
[PlyCount "31"]
[EventDate "2007.09.02"]

1. d4 d5 2. c4 e6 3. Nc3 c5 4. cxd5 exd5 5. Nf3 Nc6 6. g3 Nf6 7. Bg2 Be7 8. O-O
c4 9. Bg5 O-O 10. Ne5 Be6 11. Nxc4 dxc4 12. Bxf6 Bxf6 13. d5 Bd7 14. dxc6 Bxc6
15. Bxc6 bxc6 16. Qc2 1/2-1/2

[Event "XLIX Festival A"]
[Site "Imperia ITA"]
[Date "2007.09.07"]
[Round "7"]
[White "Del Dotto, Riccardo"]
[Black "Stoppa, Omar"]
[WhiteElo "2168"]
[BlackElo "2226"]
[Result "1/2-1/2"]
[PlyCount "21"]
[EventDate "2007.09.02"]

1. Nf3 Nf6 2. g3 g6 3. Bg2 Bg7 4. d3 c5 5. e4 d6 6. O-O O-O 7. c4 Nc6 8. Nc3
Rb8 9. h3 a6 10. Be3 b5 11. Qd2 1/2-1/2

[Event "XLIX Festival A"]
[Site "Imperia ITA"]
[Date "2007.09.07"]
[Round "7"]
[White "Faraci, Antonino"]
[Black "Malano, Francesco"]
[WhiteElo "2051"]
[BlackElo "1980"]
[Result "1/2-1/2"]
[PlyCount "41"]
[EventDate "2007.09.02"]

1. c4 e6 2. g3 d5 3. Bg2 Nf6 4. Nf3 Be7 5. b3 d4 6. d3 c5 7. O-O Nc6 8. e3 e5
9. exd4 exd4 10. a3 O-O 11. h3 h6 12. Re1 Bf5 13. Ra2 Qd7 14. Kh2 Bd6 15. Rae2
Rfe8 16. Bb2 Rxe2 17. Rxe2 Re8 18. Ne1 b6 19. Nd2 Ne5 20. Ndf3 Nxf3+ 21. Nxf3
1/2-1/2

[Event "XLIX Festival A"]
[Site "Imperia ITA"]
[Date "2007.09.07"]
[Round "7"]
[White "Gervasio, Francesco"]
[Black "Pedemonte, Claudio"]
[WhiteElo "2055"]
[BlackElo "1915"]
[Result "0-1"]
[PlyCount "120"]
[EventDate "2007.09.02"]

1. e4 d5 2. exd5 Qxd5 3. Nc3 Qa5 4. d4 Nf6 5. Bd3 g6 6. Nge2 Bg7 7. O-O O-O 8.
Bd2 c6 9. a4 Qc7 10. Bf4 Qd8 11. Qd2 Nbd7 12. h3 Nb6 13. Rfe1 Be6 14. Bg5 Nc4
15. Qc1 h5 16. b3 Nb6 17. Bh6 Qd7 18. Bxg7 Kxg7 19. Ne4 Nxe4 20. Bxe4 Rac8 21.
c4 Bf5 22. Qf4 Bxe4 23. Qxe4 e6 24. a5 Na8 25. Qe5+ Kh7 26. Nf4 Nc7 27. Rad1
Qe7 28. Rd3 Qb4 29. Ra1 Ne8 30. Nxh5 Rg8 31. Nf6+ Nxf6 32. Qxf6 Rc7 33. Re3 Qd2
34. Qh4+ Kg7 35. Qe4 Rd7 36. Rd3 Qg5 37. h4 Qf6 38. h5 gxh5 39. a6 Rgd8 40.
Rad1 bxa6 41. Rg3+ Kf8 42. Qxc6 Rxd4 43. Qc5+ Qe7 44. Qxd4 Rxd4 45. Rxd4 Qb4
46. Kf1 Qa3 47. Rgd3 a5 48. Ke2 a4 49. bxa4 Qxa4 50. Ke3 Qa5 51. Rd2 Ke7 52. f4
Qc5 53. Kd3 a5 54. Kc2 Kf6 55. R2d3 Kf5 56. Rd7 Qxc4+ 57. Kb2 f6 58. R7d4 Qc6
59. g3 e5 60. Rd5 Ke6 0-1

[Event "XLIX Festival A"]
[Site "Imperia ITA"]
[Date "2007.09.07"]
[Round "7"]
[White "Jurek, Josef"]
[Black "Di Paolo, Raffaele"]
[WhiteElo "2350"]
[BlackElo "2357"]
[Result "1/2-1/2"]
[PlyCount "49"]
[EventDate "2007.09.02"]

1. d4 e6 2. Nf3 f5 3. g3 Nf6 4. Bg2 d5 5. O-O Bd6 6. c4 c6 7. b3 Qe7 8. Ne5
Nbd7 9. Bb2 O-O 10. Nd2 Ne4 11. Ndf3 f4 12. e3 fxe3 13. fxe3 Ndf6 14. Nd2 Nxd2
15. Qxd2 Bd7 16. c5 Bc7 17. b4 Be8 18. Qe2 Bh5 19. Qd3 Rad8 20. Rac1 a6 21. a4
Bxe5 22. dxe5 Ne4 23. Bxe4 dxe4 24. Qxe4 Bg6 25. Qg2 1/2-1/2

[Event "XLIX Festival A"]
[Site "Imperia ITA"]
[Date "2007.09.07"]
[Round "7"]
[White "Mazur, Stefan"]
[Black "Cugini, Verter"]
[WhiteElo "2070"]
[BlackElo "2199"]
[Result "1-0"]
[PlyCount "79"]
[EventDate "2007.09.02"]

1. e4 e6 2. d4 d5 3. Nc3 Nf6 4. Bg5 Bb4 5. e5 h6 6. Be3 Ne4 7. Qg4 g6 8. a3
Bxc3+ 9. bxc3 c5 10. Bd3 Nxc3 11. dxc5 Qa5 12. Qb4 Qxb4 13. axb4 Bd7 14. Bd2
Nb5 15. Nf3 Na6 16. h4 Nac7 17. h5 g5 18. Nxg5 hxg5 19. Bxg5 Kf8 20. Bf6 Rh6
21. g4 Nd4 22. g5 Rxf6 23. gxf6 Kg8 24. Rg1+ Kh8 25. Rg7 Bb5 26. Kd2 Bxd3 27.
Kxd3 Nf3 28. Ke3 Nxe5 29. Kf4 Nc6 30. Rxf7 Nb5 31. Rg1 Nbd4 32. Rgg7 e5+ 33.
Kg5 Ne6+ 34. Kg6 Re8 35. Rh7+ Kg8 36. Rfg7+ Nxg7 37. f7+ Kf8 38. fxe8=Q+ Nxe8
39. Rf7+ Kg8 40. h6 1-0

[Event "XLIX Festival A"]
[Site "Imperia ITA"]
[Date "2007.09.07"]
[Round "7"]
[White "Mercandelli, Claudio"]
[Black "Moncelli, Giorgio"]
[WhiteElo "1993"]
[BlackElo "2147"]
[Result "0-1"]
[PlyCount "46"]
[EventDate "2007.09.02"]

1. Nf3 d5 2. d4 Nf6 3. c4 e6 4. Nc3 Be7 5. g3 O-O 6. Bg2 c6 7. O-O Nbd7 8. Qd3
b6 9. b3 Bb7 10. Bb2 Rc8 11. Rac1 Re8 12. Rfd1 Bd6 13. Nd2 c5 14. cxd5 exd5 15.
e3 cxd4 16. Qxd4 Bc5 17. Qd3 Ne5 18. Qb1 Qe7 19. Ne2 Neg4 20. Bd4 Nxf2 21. Kxf2
Bxd4 22. exd4 Qe3+ 23. Kf1 Ng4 0-1

[Event "XLIX Festival A"]
[Site "Imperia ITA"]
[Date "2007.09.07"]
[Round "7"]
[White "Payen, Arnaud"]
[Black "Isonzo, David"]
[WhiteElo "2392"]
[BlackElo "2356"]
[Result "1/2-1/2"]
[PlyCount "27"]
[EventDate "2007.09.02"]

1. Nf3 Nf6 2. g3 g6 3. Bg2 Bg7 4. c4 O-O 5. Nc3 d6 6. O-O Nc6 7. Rb1 a5 8. a3
e5 9. d3 Re8 10. Bg5 h6 11. Bxf6 Bxf6 12. b4 axb4 13. axb4 Bg7 14. b5 1/2-1/2

[Event "XLIX Festival A"]
[Site "Imperia ITA"]
[Date "2007.09.07"]
[Round "7"]
[White "Poloch, Petr"]
[Black "Spinelli, Doriano"]
[WhiteElo "2308"]
[BlackElo "2155"]
[Result "1-0"]
[PlyCount "93"]
[EventDate "2007.09.02"]

1. e4 d5 2. exd5 Nf6 3. d4 Bg4 4. Bb5+ c6 5. dxc6 Qa5+ 6. Nc3 Nxc6 7. Nf3 O-O-O
8. Bxc6 bxc6 9. Qe2 Rxd4 10. O-O e6 11. Qe5 Qxe5 12. Nxe5 Rd7 13. Nxd7 Kxd7 14.
Be3 a6 15. Na4 Be7 16. c4 Rb8 17. b3 Ke8 18. f3 Bf5 19. Bc5 Nd7 20. Bxe7 Kxe7
21. Rfe1 h5 22. Rad1 Rb7 23. Rd2 Rc7 24. Red1 Rb7 25. Kf2 Rc7 26. Ke3 e5 27.
Kf2 Rb7 28. Kg3 g5 29. h4 g4 30. Rd6 Rc7 31. Rh6 Nf6 32. Re1 e4 33. Nc5 gxf3
34. gxf3 Bg6 35. Rh8 Kd6 36. Nxe4+ Nxe4+ 37. fxe4 Kc5 38. Ra8 Kb6 39. Rd8 a5
40. e5 Re7 41. Kf4 Kc5 42. Ra8 Kb4 43. Rd1 Rb7 44. Ra6 c5 45. Rxg6 fxg6 46. e6
Ka3 47. Rd2 1-0

[Event "XLIX Festival A"]
[Site "Imperia ITA"]
[Date "2007.09.07"]
[Round "7"]
[White "Ratti, Marco"]
[Black "Tomassoni, Leonardo"]
[WhiteElo "1947"]
[BlackElo "1987"]
[Result "0-1"]
[PlyCount "32"]
[EventDate "2007.09.02"]

1. d4 Nf6 2. c4 c5 3. d5 e6 4. Nc3 exd5 5. cxd5 d6 6. e4 g6 7. Bd3 Bg7 8. h3
O-O 9. Nf3 a6 10. a4 Re8 11. O-O Nbd7 12. Bf4 Qc7 13. a5 Nh5 14. Bh2 b5 15.
axb6 Nxb6 16. Nb5 axb5 0-1

[Event "XLIX Festival A"]
[Site "Imperia ITA"]
[Date "2007.09.07"]
[Round "7"]
[White "Ricca, Giorgio"]
[Black "Lasanda, Michal"]
[WhiteElo "2053"]
[BlackElo "2171"]
[Result "0-1"]
[PlyCount "127"]
[EventDate "2007.09.02"]

1. e4 c5 2. Nc3 Nc6 3. f4 g6 4. Nf3 Bg7 5. Bb5 Nd4 6. Nxd4 cxd4 7. Ne2 Qb6 8.
Bd3 d6 9. c3 e5 10. Qb3 Ne7 11. Qxb6 axb6 12. O-O exf4 13. Rxf4 Nc6 14. Bb5 O-O
15. Bxc6 bxc6 16. Nxd4 c5 17. Nc2 Bb7 18. d3 d5 19. exd5 Bxd5 20. a3 Rfe8 21.
Rf2 Bb3 22. Bf4 Re6 23. Re1 Rxe1+ 24. Nxe1 Be6 25. h3 b5 26. Bd6 Rc8 27. Nf3
Bf5 28. Ne1 Rc6 29. Bf4 b4 30. Re2 Be6 31. axb4 cxb4 32. c4 b3 33. Be5 Bf8 34.
Bc3 f5 35. Nf3 Ra6 36. Kf2 f4 37. Ng5 Bc8 38. Ne4 Ra1 39. Re1 Ra4 40. Kf3 g5
41. Nd2 h6 42. Re5 Bd7 43. Ne4 Kf7 44. Ra5 Rxa5 45. Bxa5 Kg6 46. Bc3 h5 47. d4
Kf5 48. g4+ fxg3 49. Nxg3+ Kg6 50. Kg2 Bg7 51. Ne2 Bf5 52. d5 Bf8 53. Nd4 Be4+
54. Kf2 Bc5 55. Ke3 Bg2 56. Kf2 Bxh3 57. Kg3 Bf1 58. Nf3 h4+ 59. Kh2 Kh5 60.
Be5 g4 61. Nxh4 Kxh4 62. d6 Bf2 63. Bf6+ Kh5 64. d7 0-1

[Event "XLIX Festival A"]
[Site "Imperia ITA"]
[Date "2007.09.07"]
[Round "7"]
[White "Van Hoolandt, Patrick"]
[Black "Raineri, Valerio"]
[WhiteElo "2246"]
[BlackElo "2108"]
[Result "1-0"]
[PlyCount "73"]
[EventDate "2007.09.02"]

1. e4 e5 2. Nf3 Nc6 3. Bb5 a6 4. Ba4 Nge7 5. c3 d6 6. d4 Bd7 7. O-O Ng6 8. d5
Nb8 9. c4 Be7 10. Nc3 O-O 11. Be3 f5 12. Bxd7 Qxd7 13. Qb3 Qc8 14. exf5 Rxf5
15. Nd2 Kh8 16. Nce4 b6 17. Qc2 a5 18. a3 Na6 19. b4 Nf4 20. Ng3 Rf7 21. Rab1
axb4 22. axb4 Nb8 23. Nde4 Nd7 24. Rfd1 Nf8 25. c5 bxc5 26. bxc5 dxc5 27. Bxc5
Bxc5 28. Qxc5 h6 29. d6 N8g6 30. Rbc1 Nh4 31. dxc7 Rf8 32. Nd6 Qg4 33. c8=Q
Rfxc8 34. Nxc8 Nf3+ 35. Kh1 Qh4 36. Qf8+ Kh7 37. Qxg7+ 1-0

[Event "XLIX Festival A"]
[Site "Imperia ITA"]
[Date "2007.09.07"]
[Round "7"]
[White "Vrana, Frantisek"]
[Black "Schacher, Gerd"]
[WhiteElo "2304"]
[BlackElo "2288"]
[Result "1-0"]
[PlyCount "81"]
[EventDate "2007.09.02"]

1. e4 c5 2. Nf3 d6 3. g3 g6 4. d4 cxd4 5. Nxd4 Nf6 6. Nc3 a6 7. a4 Nbd7 8. Bg2
e5 9. Nb3 b6 10. O-O Bb7 11. f4 Be7 12. fxe5 Nxe5 13. Bh6 Nfg4 14. Bg7 Rg8 15.
Bxe5 Nxe5 16. Nd5 Kf8 17. Qd4 Bxd5 18. Qxd5 Kg7 19. Nd4 Qc8 20. Kh1 Ra7 21. Qb3
Rb7 22. Rf2 Rf8 23. Bf1 Rb8 24. Rd1 h5 25. h3 Kg8 26. Kh2 h4 27. gxh4 Bxh4 28.
Rg2 Kh7 29. Be2 Rh8 30. Rf1 d5 31. Rf4 Be7 32. Qxd5 Qc7 33. Kh1 Bc5 34. Nf3 Kg8
35. b3 Nxf3 36. Rxg6+ Kf8 37. Rxf3 Rxh3+ 38. Rxh3 fxg6 39. Bc4 Kg7 40. Qg5 Bf8
41. Qh6+ 1-0

[Event "XLIX Festival A"]
[Site "Imperia ITA"]
[Date "2007.09.07"]
[Round "7"]
[White "Zsifkovits, Robert"]
[Black "Pesce, Gabriele"]
[WhiteElo "2159"]
[BlackElo "2000"]
[Result "1-0"]
[PlyCount "91"]
[EventDate "2007.09.02"]

1. e4 c5 2. Nf3 Nc6 3. d4 cxd4 4. Nxd4 e5 5. Nb5 d6 6. N1c3 a6 7. Na3 Be6 8.
Nc4 b5 9. Ne3 Nf6 10. Bd3 Be7 11. O-O O-O 12. a4 b4 13. Ncd5 Nd7 14. Nf5 Bxd5
15. exd5 Nd4 16. Be3 Nxf5 17. Bxf5 Nc5 18. c4 g6 19. Bc2 f5 20. a5 Qc7 21. b3
Bf6 22. Ra2 Rfe8 23. f3 Rab8 24. Kh1 Qe7 25. Qd2 Rec8 26. Re1 e4 27. Bd4 Bxd4
28. Qxd4 Qg7 29. Qxg7+ Kxg7 30. fxe4 fxe4 31. Re3 Rf8 32. Ra1 Rbe8 33. Kg1 Re7
34. Rae1 Rfe8 35. Kf2 Kf6 36. Ke2 Ke5 37. Rf1 Kd4 38. Rd1+ Ke5 39. Rf1 Kd4 40.
Rd1+ Nd3 41. Bxd3 exd3+ 42. Rdxd3+ Kc5 43. Rxe7 Rxe7+ 44. Re3 Rf7 45. Re4 Rd7
46. Ke3 1-0

[Event "XLIX Festival A"]
[Site "Imperia ITA"]
[Date "2007.09.08"]
[Round "8"]
[White "Barlocco, Carlo"]
[Black "Van Hoolandt, Patrick"]
[WhiteElo "2116"]
[BlackElo "2246"]
[Result "1-0"]
[PlyCount "84"]
[EventDate "2007.09.02"]

1. d4 Nf6 2. Nf3 e6 3. e3 b6 4. Bd3 Bb7 5. O-O d6 6. b3 Nbd7 7. Nbd2 g6 8. Bb2
Bg7 9. c4 O-O 10. e4 e5 11. d5 Nh5 12. Ne1 Nf4 13. Bc2 f5 14. g3 Nh3+ 15. Kg2
Ng5 16. exf5 gxf5 17. f4 exf4 18. Bxg7 Kxg7 19. gxf4 Ne6 20. Bxf5 Rxf5 21. Qg4+
Kh8 22. Qxf5 Qe7 23. Nef3 Ng7 24. Qh3 Nf6 25. Rae1 Qf7 26. Ng5 Qg6 27. Qh6 Qf5
28. Qh4 Rf8 29. Re7 Qg6 30. Rxc7 Bc8 31. Kh1 Nfh5 32. Ne6 Nxe6 33. dxe6 Rg8 34.
Qg5 Bxe6 35. Qxg6 hxg6 36. Ne4 Bh3 37. Ng5 Rc8 38. Rxc8+ Bxc8 39. Nf7+ Kg7 40.
Nxd6 Bh3 41. Rf2 Kf6 42. Ne4+ Ke6 1-0